000 00762cam a2200241 a 4500
001 000007756
005 20200929154304.0
008 991115s1999 sp 000 1 spa
010 _a00317349
020 _a8420792403
040 _aDO-SdBNP
_cDLC
_dDLC
082 _a863.64
_bV195j
100 1 _aValls, Manuel,
_d1952-
_921446
245 1 0 _aJulia y el halcón maltés /
_cManuel Valls.
260 _aMadrid :
_bAnaya,
_c1999.
300 _a204 p. ;
_c23 cm.
490 1 _aEspacio abierto
_v73.
650 4 _aNovela española
_91123
650 4 _aLiteratura española
_9632
830 0 _aEspacio abierto ;
_v73.
_921447
856 4 2 _3Publisher description
_uhttp://www.loc.gov/catdir/enhancements/fy0903/00317349-d.html
910 _aCatalogación por copia / LC
999 _c7534
_d7534